Music Quiz

Random Music or Kpop Quiz
Score 0/30 Timer 17:00
0 Plays Today
% Correct
Hyuna
95.8%
CL
95.8%
V
95.2%
Amber
94.5%
Suga
94.5%
Key
94.5%
Kai
93.9%
Jackson
93.9%
Mark
93.3%
Taeyang
93.3%
Chen
92.7%
Bobby
92.1%
Jennie
91.5%
Ravi
89.7%
Dara
87.9%
% Correct
Mark
87.3%
Taeyeon
85.5%
Minhyuk
83%
Hoya
82.4%
Seungkwan
81.2%
Choa
80.6%
Ten
80%
Dino
80%
Sooyoung
77%
Young K
75.2%
Donghae
74.5%
Fei
70.9%
Jinhwan
68.5%
Gayoon
63.6%
Hansol
60.6%
Remove Ads.
Support Sporcle.
Get the best of Sporcle when you Go Orange. This ad-free experience offers more features, more stats, and more fun while also helping to support Sporcle. Thank you for becoming a member.

You're not logged in!

Compare scores with friends on all Sporcle quizzes.
OR
Log In

Sporcle TV

Today on Sporcle TV


Watch our educational content, quiz creation guides, and fun videos on Sporcle TV.

Show Comments

Extras

Created Sep 19, 2017ReportNominate
Tags:Kpop Quiz, Edition, idol

Top Quizzes Today


Score Distribution

Paid Content

Your Account Isn't Verified!

In order to create a playlist on Sporcle, you need to verify the email address you used during registration. Go to your Sporcle Settings to finish the process.

Report this User

Report this user for behavior that violates our Community Guidelines.

Details: